000 00486 a2200169 4500
003 OSt
005 20231229120347.0
008 231229b |||||||| |||| 00| 0 eng d
020 _a9789352291601
040 _coclc
082 _a891.433
_bPRA/P
100 _aPrakash, Uday
_910171
245 _aPEELEE CHHATARI WALI LADKI /
_cUday Prakash
260 _aNew Delhi:
_bVani Prakashan,
_c2022.
300 _a209p
942 _2ddc
_cBK
_h891.433
_iPRA/P
_k891.433
_mPRA/P
999 _c43619
_d43619